00880nam a2200253 a 450000100100000000500170001000800410002702000150006804000250008304100390010808200130014710000280016024000240018824500780021225000110029026000350030130000280033653400420036450400300040670000470043604900090048395201170049299900170060900002428420200930022857.0110125s1976 sp a 000 0 spa d a8423953181 aDO-SdBNPbspacBNPHU17aspahfre2Código de idiomas MARC ann*bnn*1 aDamais, Émile.94984810aHaendel.lEspañol10aHaendel /cÉmile Damais ; traducción de Felipe Ximénez de Sandoval. a2a ed. aMadrid :bEspasa-Calpe,c1976. a128 p. :bil. ;c18 cm. aTraducción del francés :tHaendel aBibliografía : [127] p.1 aXiménez de Sandoval, Felipe,etr.919335 aBNGR 001054708MOaGRbGRcCTd2011-01-25iLF1l0onn* nn*p24284-10r2020-06-25w2020-06-25y4ZPréstamo en sala c23778d23778